| 000 | 01000nac a22002897a 4500 | ||
|---|---|---|---|
| 001 | BR9000936 | ||
| 003 | BR-BrBNA | ||
| 005 | 20240105121036.0 | ||
| 008 | 230509b bl.|||m| |||| 00| 0 por d | ||
| 040 |
_aBR-BrBNA _bpor _cBiblioteca Nacional de Agricultura |
||
| 072 | _aF01 | ||
| 090 | _a2480 BR9000936 | ||
| 100 | 1 | _aVital, A.R. | |
| 110 | 1 |
_aEmpresa de Assistencia Tecnica e Extensao Rural do Estado de Mato Grosso, Cuiaba (Brasil) _94017 |
|
| 245 | 1 | _aHeveicultura no estado de Mato Grosso | |
| 246 | 1 | _a[Hevea brasiliensis culture at the state of Mato Grosso, Brazil] | |
| 250 | 1 | _a2. ed. | |
| 260 | 3 |
_aCuiaba, MT (Brasil): _c1989. |
|
| 300 | _a22 p. | ||
| 490 |
_aSerie Informes Tecnicos - Empresa de Assistencia Tecnica e Extensao Rural do Estado de Mato Grosso (Brazil) _vno. 4 _x |
||
| 500 | _a10 ref.; 7 tables | ||
| 650 | _aSERINGUEIRA | ||
| 650 | _aPRATICA CULTURAL | ||
| 650 | _aMATO GROSSO | ||
| 909 |
_a202312 _bLúcia Elande _c55 _dLúcia Elande |
||
| 942 |
_2AGRIS _n0 _cMS |
||
| 999 |
_c282942 _d282942 |
||